000 01077nam a2200217Ia 4500
003 Ost
005 20260507075527.0
008 260507s9999||||xx |||||||||||||| ||und||
040 _cfsecg
041 _aara
082 _a352.48
100 _aالموسوي، واثق علي محي المنصوري
_eمؤلف
245 0 _aالموازنة الرقمية /
_c واثق علي محي المنصوري الموسوي
260 _aعمان:
_bدار الايام للنشر والتوزيع,
_c2017
300 _a410 صفحة؛
_bإيضاحات ؛
_c25 سم
504 _aببليوغرافيا:ص.389
520 _aالإيطار النظري لثلاثية -الإيطار التحليلي والعملي الأنموذج -الإيطار التطبيقي الأنموذج المحدث للموازنة العامة في العراق -اثر تكنولوجيا المعلومات واقتصاديات الذكاء في تطوير ادارة الموازنة العامة.
653 _aالميزانية
653 _aالنفقات العامة
942 _cكتاب
999 _c44801
_d44801